=LDR 00000nam 2200000 4500 =001 INLIS000000000026414 =005 20130612124846 =008 ***********************************ind** =035 ##$$0010-061300000026414 =041 ##$$a ind =082 ##$$a 639.754 =090 ##$$a 639.754, CAC c =245 ##$$a Cacing tanah, aneka cara budidaya, penanganan lepas panen, peluang campuran ransum ternak dan ikan, tim penulis PS =260 ##$$a 1996 $b Jakarta =300 ##$$a 80 hlm., ilus., 21 cm =650 ##$$a Cacing Tanah =850 ##$$a NBPNMAT =990 ##$$a 15871587 =990 ##$$a 109.006/Pro.96 =990 ##$$a 01201901587